| 000 | 00513cam a22002171 4500 | ||
|---|---|---|---|
| 001 | sa 63004169 | ||
| 003 | DLC | ||
| 005 | 20260227111947.0 | ||
| 008 | 881028s1963 xx 000 0 beno | ||
| 010 | _asa 63004169 | ||
| 035 | _a(OCoLC)23574656 | ||
| 040 |
_aDLC _cMiU _dDLC |
||
| 042 | _apremarc | ||
| 050 | 0 | 0 |
_aPK1701 _b.B45 |
| 100 | 1 |
_aBhaumik, Gopal, _d1918- |
|
| 245 | 1 | 0 | _aSāhityasamīkshā. |
| 260 | _c[1963] | ||
| 300 |
_a146 p. _c23 cm. |
||
| 500 | _aRomanized. | ||
| 650 | 0 | _aBengali literature | |
| 999 |
_c55503 _d55503 |
||